| 000 | 00348nam a2200133Ia 4500 | ||
|---|---|---|---|
| 008 | 240624s9999 xx 000 0 und d | ||
| 041 | _aeng | ||
| 082 | _a658.4092 KOU | ||
| 100 | _aKOUZES JAMES M | ||
| 245 | _aLEARNING LEADERSHIP THE FIVE FUNDAMENTAL | ||
| 260 |
_c2016 _aSan Francisco _bWiley |
||
| 300 | _axxiii, 248 p.; 23 cm. | ||
| 365 |
_c _b28 |
||
| 999 |
_c30311 _d30311 |
||